Сила мысли и мыслеобразы

Bibliographische Detailangaben
1. Verfasser: Писарева Е. Ф. Елена Федоровна
Sprache:Russisch
Veröffentlicht: Минск, 1992
Schlagworte:
Format: MixedMaterials Buch
KOHA link:https://koha.lib.tpu.ru/cgi-bin/koha/opac-detail.pl?biblionumber=18912

MARC

LEADER 00000nam0a2200000 4500
001 18912
005 20231030191448.0
035 |a (RuTPU)RU\TPU\book\19067 
035 |a BOOK00003755 
090 |a 18912 
100 |a 20011209d1992 k y0rusy50 ca 
101 0 |a rus 
102 |a BY 
105 |a y z 000zy 
200 1 |a Сила мысли и мыслеобразы  |f Е. Ф. Писарева 
210 |a Минск  |d 1992 
215 |a 32 с. 
610 1 |a теософия 
610 1 |a религиозная философия 
610 1 |a космизм 
686 |a Э441  |v LBC/SL-A  |2 rubbk 
700 1 |a Писарева  |b Е. Ф.  |g Елена Федоровна 
801 0 |a RU  |b 63413507  |c 20011209  |g PSBO 
801 2 |a RU  |b 63413507  |c 20110802  |g PSBO 
942 |c BK